Statistiques concernant Mots qui commencent par le son [kwa]

Cliquez ici pour prendre le quiz!

Statistiques générales

  • Ce quiz a été pris 85 fois
  • Le résultat moyen est 6 sur 13

Statistiques - réponses

DescriptionRéponse% Correct
VéhiculeQuad
90%
PronomQuoi
88%
MuscleQuadriceps
81%
Métier…
Coiffeur
78%
Forme géométriqueQuadrilatère
70%
…et son produitCoiffure
49%
PolyglotteQuadrilingue
34%
ÂgéQuadragénaire
32%
Quatre foisQuadruple
32%
Qui a deux paires de pattesQuadrupède
26%
ConjonctionQuoique
14%
Secteur angulaireQuadrant
1%
Bas relief en creuxCoilanaglyphe
0%

Distribution des résultats

Percentile par nombre de réponses

% des personnes avec chaque résultat

Votre développement - résultats

Vous n’avez pas pris ce quiz